5HLuxD.jpg

KING HENRY VIII SENIOR AND PRIMARY SCHOOL LIBRARY OPAC

The number mysteries / (Record no. 298)

000 -LEADER
fixed length control field 01015nam a2200313 a 4500
001 - CONTROL NUMBER
control field 017535617
003 - CONTROL NUMBER IDENTIFIER
control field UkOxU
005 - DATE AND TIME OF LATEST TRANSACTION
control field 20190805145208.0
008 - FIXED-LENGTH DATA ELEMENTS--GENERAL INFORMATION
fixed length control field 100930r20112010enka 001 0 eng d
015 ## - NATIONAL BIBLIOGRAPHY NUMBER
National bibliography number GBB0B8802
Source bnb
020 ## - INTERNATIONAL STANDARD BOOK NUMBER
International Standard Book Number 9780007309863 (pbk.) :
035 ## - SYSTEM CONTROL NUMBER
System control number (Uk)015663440
035 ## - SYSTEM CONTROL NUMBER
System control number (StEdALDL)1/2471101
040 ## - CATALOGING SOURCE
Original cataloging agency StDuBDS
Language of cataloging eng
Transcribing agency StDuBDS
082 04 - DEWEY DECIMAL CLASSIFICATION NUMBER
Classification number 510 DUS
Edition number 22
100 1# - MAIN ENTRY--PERSONAL NAME
Personal name Du Sautoy, Marcus.
Relator term author
245 14 - TITLE STATEMENT
Title The number mysteries /
Statement of responsibility, etc. Marcus du Sautoy.
260 ## - PUBLICATION, DISTRIBUTION, ETC.
Place of publication, distribution, etc. London :
Name of publisher, distributor, etc. Fourth Estate,
Date of publication, distribution, etc. 2011.
300 ## - PHYSICAL DESCRIPTION
Extent xiv, 304 p. :
Other physical details ill. ;
Dimensions 20 cm.
500 ## - GENERAL NOTE
General note Originally published: 2010.
500 ## - GENERAL NOTE
General note This paperback edition does not have the subtitle from the original edition: "An odyssey through everyday life".
500 ## - GENERAL NOTE
General note Includes index.
650 #0 - SUBJECT ADDED ENTRY--TOPICAL TERM
Topical term or geographic name entry element Mathematics
Form subdivision Popular works.
650 #0 - SUBJECT ADDED ENTRY--TOPICAL TERM
Topical term or geographic name entry element Mathematical recreations.
942 ## - ADDED ENTRY ELEMENTS (KOHA)
Source of classification or shelving scheme
Koha item type Books - Non Ficton
Holdings
Withdrawn status Lost status Source of classification or shelving scheme Damaged status Not for loan Collection code Permanent Location Current Location Shelving location Date acquired Full call number Barcode Date last seen Price effective from Koha item type
          Non-Fiction KH8 Senior School Library KH8 Senior School Library Non Fiction 2019-08-05 510 DUS 3KHSL000100227 2019-08-05 2019-08-05 Books - Non Ficton
          Teaching Resources KH8 Senior School Library KH8 Senior School Library Staff Office 2023-10-02 510 DUS TRKHSL003914 2023-10-02 2023-10-02 Teaching Resources

Powered By KH8 IT Dept